| 000 | 01085nam a22002657a 4500 | ||
|---|---|---|---|
| 005 | 20170124103046.0 | ||
| 010 | _aA-975270 | ||
| 020 | _c00.00 | ||
| 035 | _aA-975270 | ||
| 037 | _bCen Lib/Ret | ||
| 040 |
_aDPL _bHN |
||
| 082 |
_aक _bयुगल |
||
| 100 |
_aयुगल, साध्वी _968939 |
||
| 245 |
_aजीवन बोध / _c साध्वी युगल [एवं] निधि कृपा |
||
| 246 |
_aJeevan bodh _bby Sadhvi Yugal [evam] Nidhi Kripa |
||
| 260 |
_a दिल्ली _bदीपक देसाई प्रकाशन |
||
| 270 |
_aऍफ़-102, अशोक विहार फेज -1 _bदिल्ली _e110052 |
||
| 300 |
_a241पृष्ठ. _c19सेमी(सजिल्द) |
||
| 650 |
_aहिंदी साहित्य _968940 |
||
| 650 |
_aहिंदी ज्ञानात्मक कहानी _944854 |
||
| 650 |
_aHindi literature _968941 |
||
| 650 |
_aHindi cognitive story _968942 |
||
| 700 |
_aकृपा, निधि _968943 |
||
| 942 |
_2ddc _cHN _hक _mयुगल |
||
| 999 |
_c116912 _d116912 |
||